Wszyscy zwycięzcy Ligi Europy/Pucharu UEFA - Statystyki

Ogólne statystyki
  • Ten quiz został rozwiązany 347 razy
  • Średni wynik to 12 z 28
Statystyki odpowiedzi
Wygrane Drużyna % Poprawnych
6 Sevilla FC
86%
1 Manchester United
79%
2 Chelsea FC
74%
3 FC Liverpool
68%
3 Atletico Madryt
66%
3 Inter Milan
65%
1 Bayer 04 Leverkusen
62%
3 Juventus Turyn
61%
2 FC Porto
60%
1 Ajax Amsterdam
55%
1 Bayern Monachium
46%
1 SSC Napoli
41%
1 PSV Eindhoven
40%
1 Valencia CF
38%
1 Villareal CF
38%
1 Zenit Petersburg
35%
1 CSKA Moskwa
32%
2 Feyenoord Roterdam
32%
1 Szachtar Donieck
32%
1 FC Schalke 04
28%
2 Eintracht Frankfurt
26%
1 Galatasaray A.S.
24%
1 RSC Anderlecht
23%
2 AC Parma
21%
2 Borussia Mönchengladbach
9%
2 IFK Göteborg
9%
1 Ipswich Town
5%
2 Tottencham Hotspur
3%
Nie znaleziono quizów pasujących do podanych kryteriów
Rozkład punktacji
Procent ludzi z każdym wynikiem
Percentyl według liczby udzielonych odpowiedzi
Twoja historia wyników
Nie rozwiązałeś tego quizu